|
|
|
|
| LEADER |
00726cam a2200193 a 4500 |
| 001 |
0000099248 |
| 005 |
20080909090000.0 |
| 040 |
|
|
|a mod
|
| 041 |
|
|
|a eng
|
| 020 |
0 |
0 |
|a 9789834293581
|
| 090 |
0 |
0 |
|a 351.595
|b MOK
|e 2007
|
| 100 |
1 |
0 |
|a Mok
|h Soon Sang
|y 1942-
|
| 245 |
1 |
0 |
|a Kursus Penilaian Tahap Kecekapan (P.T.K)
|b pengajaran dan pembelajaran (P&P) untuk pegawai perkhidmatan pelajaran DGA34, DG44 & DG48 (KUP)
|c oleh Mok Soon Sang
|
| 260 |
0 |
0 |
|a Selangor
|b Multimedia-Es Resources
|c 2007
|
| 300 |
|
|
|a 484 p.
|c 22 cm
|
| 440 |
0 |
0 |
|a Siri pendidikan
|
| 504 |
0 |
0 |
|a Mengandungi rujukan bibliografi
|
| 650 |
0 |
0 |
|a National teacher examinations
|z Malaysia
|x Examinations
|x Study guides
|
| 999 |
|
|
|a 0273044
|b 5 BGD
|d BOOKS
|e Rujukan
|f 5 BGD
|j AVAILABLE
|q GOOD CONDITION
|